|
|
|
|
| LEADER |
00000cab a2200000 a 4500 |
| 001 |
vtls010493522 |
| 003 |
SK-MaSNL |
| 005 |
20260318121907.0 |
| 008 |
130227c2013 xo wr p 000 c0ukr |
| 015 |
|
|
|a SNBRB2013/02
|
| 038 |
|
|
|a SVKPOCL
|
| 040 |
|
|
|a SVKPOCL
|b slo
|c SVKPOCL
|e AACR2
|
| 041 |
0 |
|
|a ukr
|
| 044 |
|
|
|a xo
|c SK
|
| 080 |
|
|
|a 80(=16)+908(4)
|2 2001
|
| 080 |
|
|
|a 75.051.046.3
|2 2001
|
| 080 |
|
|
|a 75.051
|2 2001
|
| 080 |
|
|
|a 061.4
|2 2001
|
| 080 |
|
|
|a 929 Lopata, Pavlo
|2 2001
|
| 100 |
1 |
|
|a Mušinka, Mikuláš,
|d 1936-2024
|4 aut
|9 99915
|
| 245 |
1 |
0 |
|a Vystavka kartyn
|c [avtor] M. M. ; foto Mariji Lopaty
|
| 300 |
|
|
|b Fotogr.
|
| 500 |
|
|
|a Informácie k výstave boli získané aj z intrnetu [online] http://zakarpattya.net.ua/Special/106079-U-Kanadi--vidbulasia-vystavka-ukraintsia-z-Priashivshchyny-Pavla-Lopaty-FOTO
|
| 600 |
1 |
7 |
|a Lopata, Pavlo,
|d 1945-
|2 svkpocl
|9 120910
|
| 610 |
2 |
7 |
|a Ukrajins'ka katolyc'ka cerkva sv. Josafata (Oakville, Kanada)
|2 svkpocl
|9 1588142
|
| 648 |
|
7 |
|a 7.-10.12.2012
|2 svkpocl
|9 1588178
|
| 650 |
0 |
7 |
|a ikony
|2 svkpocl
|9 3134
|
| 650 |
0 |
7 |
|a obrazy
|2 svkpocl
|9 29735
|
| 650 |
0 |
7 |
|a Dočasné výstavy
|2 svkpocl
|9 1040881
|
| 650 |
0 |
7 |
|a výstavy
|2 svkpocl
|9 2780
|
| 650 |
0 |
7 |
|a slavistika
|2 svkpocl
|9 4282
|
| 651 |
|
7 |
|a Oakville (Ont.)
|2 svkpocl
|9 1588145
|
| 651 |
|
7 |
|a Kalinov (Slovensko)
|2 svkpocl
|9 40748
|
| 651 |
|
7 |
|a Medzilaborce (Slovensko : okres)
|2 svkpocl
|9 29394
|
| 700 |
1 |
|
|a Lopata, Marija
|4 pht
|9 1588179
|
| 773 |
0 |
|
|t Nove žyttja
|g Roč. 63, č. 3 (2013), s. 1
|
| 852 |
|
|
|a SVKPO
|b KIS3GCP
|
| 856 |
4 |
1 |
|u www.rusini-ukrajinci.tym.sk
|
| 856 |
4 |
1 |
|u http://zakarpattya.net.ua/Special/106079-U-Kanadi--vidbulasia-vystavka-ukraintsia-z-Priashivshchyny-Pavla-Lopaty-FOTO
|
| 958 |
|
|
|a UK
|
| 958 |
|
|
|a SK
|
| 958 |
|
|
|a RN
|
| 958 |
|
|
|a SS
|
| 958 |
|
|
|a BX
|
| 958 |
|
|
|a CA
|
| 999 |
|
|
|c 3255080
|d 3257010
|